00655nam a2200229 a 4500001001300000003000900013005001700022008004100039020001000080082001500090100001700105245003000122260004000152300000900192500003500201650002700236700001700263902000800280942000700288952011500295999001500410nice12345678IN_TiNIC20260116011857.0050524s0000 saha grp 000 0 urd  ac10000a232.9bJAL aJalal, Uddin aKhudawan Masih Ki Zindagi aSaharanpur bMadara Ilahiyat c0000 a112p aincludes index and biblioraphy aJesus Christ-Biography1 aJalal, Uddin bSRS cBK 001040708StackRoom-aHMIbHMId2007-09-13g100.00l0o232.9 JALp07784r2007-09-13v100.00w2005-05-24yBK c4652d4652